Normal view
MARC view
Entry Personal Name
001 - CONTROL NUMBER
- control field: 45944
003 - CONTROL NUMBER IDENTIFIER
- control field: ARRUPE
005 - DATE AND TIME OF LATEST TRANSACTION
- control field: 20190425082332.0
008 - FIXED-LENGTH DATA ELEMENTS
- fixed length control field: 190425|| aca||aabn | a|a d
040 ## - CATALOGING SOURCE
- Original cataloging agency: ARRUPE
- Transcribing agency: ARRUPE
100 ## - HEADING--PERSONAL NAME
- Personal name: Goody, Easther N.
670 ## - SOURCE DATA FOUND
- Source citation: Work cat.: (ARRUPE): Goody, Easther N., Contexts of kinship:, 1973.